000 01283nam0a22002771 4500
001 rc\4094849
005 20260406083917.0
021 _aRU
_b[49-8621]
035 _a(NLR Aleph) 008135087
090 _a9448593
_c9448593
100 _a20130415d1949 |||y0rusy50 ca
101 0 _arus
102 _aRU
105 _ay j |||||
200 1 _aОбразование Белорусской советской социалистической республики
_e(К 30-летию БССР)
_eСтенограмма публичной лекции, прочит. 7-го янв. 1949 г. в Центр. лектории О-ва в Москве
_fВсесоюз. о-во по распространению полит. и науч. знаний
210 _aМосква
_c[Правда]
_d1949
_gТип. им. Сталина
215 _a47 с.
_d22
300 _aПеред загл. авт.: канд. ист. наук Т.С. Горбунов
607 _aБелорусская ССР
_xИстория
_2psbo
700 1 _7ca
_8rus
_aГорбунов
_bТ. С.
_f1904-1969
_gТимофей Сазонович
_3RU\NLR\AUTH\770278600
_92650567
801 0 _aRU
_bNLR
_gpsbo
801 1 _aRU
_bELAR
_2rusmarc
852 _aNLR
_jИр80 Г-6/25
942 _cBOOK
980 _aNB